000 00725nam a2200241Ia 4500
999 _c41055
_d41055
001 7704
003 GE_BSU
005 20220921144813.0
008 181216s2004en xx |||||||||||||| ||eng||
020 _a0582777240.
040 _cGE_BSU
041 _aeng
080 _a811.111(075) B-96
100 _aBurgess sally.
_914662
245 _aNew first certificate: Gold
_bexam maximiser: with key /
_csally Burgess, with jasky Newbrook, and judith Wilson.
264 _aEngland :
_bLongman,
_c2004.
300 _a160 p;
_bcd.
_c27 cm.
653 _agrammar.
653 _aინგლისური გრამატიკა
700 _aNewbrook, jasky
_93174
700 _aWilson, judith
_93175
942 _cBK
_2udc